| 000 | 00439nam a2200181Ia 4500 | ||
|---|---|---|---|
| 005 | 20230811111523.0 | ||
| 008 | 131103s9999 xx 000 0 und d | ||
| 040 | _aLoreto College | ||
| 041 | _aEnglish | ||
| 082 |
_aF _bGOR |
||
| 100 | _aGordon,Richard | ||
| 245 |
_aDoctor on toast _cRichard Gordon |
||
| 260 |
_aLondon _bMichael Joseph _c1961 |
||
| 300 | _a203 p. | ||
| 650 | _aFiction in English | ||
| 850 | _aLCLIB | ||
| 942 | _cBK | ||
| 999 |
_c15265 _d65744 |
||